000 00629nam a2200241Ia 4500
003 OSt
005 20221007073637.0
006 a|||||r|||| 00| 0
007 ta
008 221006b |||||||| |||| 00| 0 eng d
024 _a20,194
037 _cTextual
040 _aFLL
_cFLL
_beng
041 _2eng
_aeng
082 _aV:45, P5
100 _aQadri A.S.M. Au.
_9692307
245 0 _aCriminology problems and perspective
250 _a5th
260 _aLucknow
_bEastern book company India
_c2005
300 _a623p
_ccm.
942 _hV:45, P5
_cTEXL
_2CC
999 _c1149387
_d1149387